000 00495nam a22002057a 4500
999 _c161557
_d161557
003 dpl
005 20190225161915.0
008 190225b ||||| |||| 00| 0 eng d
010 _aB-229626
020 _a818385074x
035 _aB-229626
040 _aDPL
_bEN
_c0
082 _a611
245 _ahuman body
260 _anoida
_bbrijbasi art press ltd
_c2006
300 _a46p
_c26cm
700 _aedited by kaul, kirti
700 _aedited by, seth, shreya
942 _2ddc
_cCH
_m611/HUM